<?xml version="1.0" encoding="UTF-8"?><?xml-stylesheet type="text/xsl" href="static/style.xsl"?><OAI-PMH xmlns="http://www.openarchives.org/OAI/2.0/" xmlns:xsi="http://www.w3.org/2001/XMLSchema-instance" xsi:schemaLocation="http://www.openarchives.org/OAI/2.0/ http://www.openarchives.org/OAI/2.0/OAI-PMH.xsd"><responseDate>2026-06-07T08:59:20Z</responseDate><request verb="GetRecord" identifier="oai:docta.ucm.es:20.500.14352/137093" metadataPrefix="marc">https://docta.ucm.es/rest/oai/request</request><GetRecord><record><header><identifier>oai:docta.ucm.es:20.500.14352/137093</identifier><datestamp>2026-06-02T23:51:59Z</datestamp><setSpec>com_20.500.14352_14</setSpec><setSpec>col_20.500.14352_22</setSpec></header><metadata><record xmlns="http://www.loc.gov/MARC21/slim" xmlns:dcterms="http://purl.org/dc/terms/" xmlns:xsi="http://www.w3.org/2001/XMLSchema-instance" xmlns:doc="http://www.lyncode.com/xoai" xsi:schemaLocation="http://www.loc.gov/MARC21/slim http://www.loc.gov/standards/marcxml/schema/MARC21slim.xsd">
   <leader>00925njm 22002777a 4500</leader>
   <datafield ind2=" " ind1=" " tag="042">
      <subfield code="a">dc</subfield>
   </datafield>
   <datafield ind2=" " ind1=" " tag="720">
      <subfield code="a">Portela García de Blas, Susana</subfield>
      <subfield code="e">author</subfield>
   </datafield>
   <datafield ind2=" " ind1=" " tag="260">
      <subfield code="c">2026-06-02</subfield>
   </datafield>
   <datafield ind2=" " ind1=" " tag="520">
      <subfield code="a">La reacción de Diels-Alder (D-A) es sin duda una de las transformaciones más versátiles e importantes en química. Su capacidad para formar anillos de seis miembros de manera eficiente y controlada la ha convertido en una reacción fundamental en síntesis, con aplicaciones en una amplia variedad de campos, desde la síntesis de productos naturales hasta la fabricación de polímeros y materiales avanzados. Se trata de una reacción pericíclica de cicloadición [4 + 2] que involucra la formación de un ciclohexeno a partir de un dieno conjugado y un dienófilo y cuya velocidad y selectividad pueden mejorarse significativamente mediante catálisis...</subfield>
   </datafield>
   <datafield ind1="8" ind2=" " tag="024">
      <subfield code="a">https://hdl.handle.net/20.500.14352/137093</subfield>
   </datafield>
   <datafield ind2="0" ind1="0" tag="245">
      <subfield code="a">Understanding the factors controlling the catalysis in Diels-Alder reactions</subfield>
   </datafield>
   <datafield ind2="0" ind1="0" tag="245">
      <subfield code="a">Entendiendo los factores que controlan la catálisis en reacciones de Diels-Alder</subfield>
   </datafield>
</record></metadata></record></GetRecord></OAI-PMH>